[Event "Chemnitz op 8th"]
[Site "Chemnitz"]
[Date "2009.10.03"]
[Round "4"]
[White "Lorenz, Gerd"]
[Black "Schaetz, Christopher"]
[Result "1/2-1/2"]
[WhiteElo "2295"]
[BlackElo "1982"]
[PlyCount "60"]
[EventDate "2009.10.01"]
[EventType "swiss"]
[EventRounds "7"]
[EventCountry "GER"]
[SourceTitle "CBM 132 Extra"]
[Source "ChessBase"]
[SourceDate "2009.11.03"]
[SourceVersion "1"]
[SourceVersionDate "2009.11.03"]
[SourceQuality "1"]

1. d4 Nf6 2. Bg5 d5 3. e3 Ne4 4. Bf4 e6 5. Bd3 Bd6 6. Bxd6 Nxd6 7. Nd2 b6 8. c3 0-0 9. Ngf3 Ba6 10. Bxa6 Nxa6 11. Qe2 Nb8 12. e4 dxe4 13. Nxe4 Nd7 14. 0-0 Nxe4 15. Qxe4 Nf6 16. Qc6 Qd6 17. Ne5 Nd5 18. Rfe1 Rfe8 19. c4 Qxc6 20. Nxc6 Ne7 21. Nxe7+ Rxe7 22. d5 Kf8 23. dxe6 Rae8 24. Kf1 Rxe6 25. Rxe6 Rxe6 26. Rd1 Ke7 27. Rd3 Rd6 28. Re3+ Re6 29. Rd3 Rd6 30. Re3+ Re6 1/2-1/2

[Event "BL2-Ost 0809"]
[Site "Germany"]
[Date "2009.03.01"]
[Round "7.6"]
[White "Delitzsch, Juergen"]
[Black "Lorenz, Gerd"]
[Result "0-1"]
[WhiteElo "2235"]
[BlackElo "2285"]
[PlyCount "90"]
[EventDate "2008.10.05"]
[EventType "team-tourn"]
[EventRounds "9"]
[EventCountry "GER"]
[SourceTitle "CBM 129 Extra"]
[Source "ChessBase"]
[SourceDate "2009.05.05"]
[SourceVersion "2"]
[SourceVersionDate "2009.05.20"]
[SourceQuality "1"]
[WhiteTeam "Bindlach"]
[BlackTeam "Chemnitz"]
[WhiteTeamCountry "GER"]
[BlackTeamCountry "GER"]

1. e4 d6 2. d4 Nf6 3. Nc3 e5 4. Nf3 exd4 5. Nxd4 Be7 6. Be2 0-0 7. g4 d5 8. e5 Ne4 9. Nxe4 dxe4 10. Bf4 Bc5 11. c3 Bxd4 12. Qxd4 Qxd4 13. cxd4 Be6 14. Be3 Nc6 15. a3 Bb3 16. Kd2 a5 17. Kc3 a4 18. f3 exf3 19. Bxf3 Ne7 20. Bxb7 Rab8 21. Bf3 Bd5 22. Rhf1 Rb3+ 23. Kd2 Rxb2+ 24. Kc3 Rb3+ 25. Kd2 Bxf3 26. Rxf3 Nd5 27. Ke2 f6 28. Raf1 Rxa3 29. Bd2 Rxf3 30. Rxf3 fxe5 31. Rxf8+ Kxf8 32. dxe5 Kf7 33. Kd3 Ke6 34. Bc3 g6 35. Kd4 Nb6 36. Bb2 Nd7 37. Ke4 g5 38. h3 h6 39. Bc3 a3 40. Bd4 a2 41. Kd3 Nxe5+ 42. Kc2 Kd5 43. Ba1 Ke4 44. Kb3 Kf4 45. Kxa2 Nf7 0-1

[Event "BL2-Ost 0809"]
[Site "Germany"]
[Date "2008.11.30"]
[Round "3.6"]
[White "Schaller, Sven"]
[Black "Lorenz, Gerd"]
[Result "1-0"]
[WhiteElo "2290"]
[BlackElo "2285"]
[PlyCount "123"]
[EventDate "2008.10.05"]
[EventType "team-tourn"]
[EventRounds "9"]
[EventCountry "GER"]
[SourceTitle "CBM 129 Extra"]
[Source "ChessBase"]
[SourceDate "2009.05.05"]
[SourceVersion "2"]
[SourceVersionDate "2009.05.20"]
[SourceQuality "1"]
[WhiteTeam "Plauen Koenig"]
[BlackTeam "Chemnitz"]
[WhiteTeamCountry "GER"]
[BlackTeamCountry "GER"]

1. Nf3 d6 2. g3 e5 3. Bg2 g6 4. 0-0 Bg7 5. e4 Nc6 6. c3 Nf6 7. d3 0-0 8. h3 h6 9. Nbd2 d5 10. Qc2 Be6 11. Nb3 Qd6 12. Be3 Rfe8 13. Nc5 Bc8 14. Rad1 b6 15. Nb3 Bb7 16. Nh2 dxe4 17. dxe4 Qe6 18. Rfe1 Qc4 19. Qc1 Qa4 20. Bxh6 Bxh6 21. Qxh6 Qxa2 22. Nc1 Qxb2 23. g4 Rad8 24. g5 Nh7 25. Ng4 Qa3 26. Nf6+ Nxf6 27. gxf6 Qf8 28. Qg5 Kh7 29. h4 Rd6 30. Rxd6 cxd6 31. Rd1 Rd8 32. Ne2 Ba6 33. Ng3 Qh6 34. Bh3 Qxg5 35. hxg5 Bc4 36. Kg2 a5 37. Nf5 a4 38. Bg4 Be6 39. Rh1+ Kg8 40. Nh6+ Kf8 41. Bxe6 fxe6 42. Ng4 Ke8 43. Rh8+ Kd7 44. Rh7+ Kc8 45. Ne3 d5 46. exd5 exd5 47. c4 dxc4 48. Nxc4 b5 49. Nb6+ Kb8 50. Nd7+ Kc8 51. Nc5 a3 52. Ne6 a2 53. Rh1 Rd7 54. Ra1 Ra7 55. Rxa2 Rh7 56. Ra8+ Kb7 57. Rg8 Kb6 58. Rxg6 b4 59. Nd8 b3 60. f7 Rxf7 61. Rxc6+ Kb5 62. Nxf7 1-0

[Event "Oberliga Ost-A 0708"]
[Site "Germany"]
[Date "2008.04.06"]
[Round "9.5"]
[White "Poenisch, Egmont"]
[Black "Lorenz, Gerd"]
[Result "1/2-1/2"]
[WhiteElo "2131"]
[BlackElo "2289"]
[PlyCount "39"]
[EventDate "2007.09.23"]
[EventType "team-tourn"]
[EventRounds "11"]
[EventCountry "GER"]
[SourceTitle "EXT 2009"]
[Source "ChessBase"]
[SourceDate "2008.11.26"]
[SourceVersion "1"]
[SourceVersionDate "2008.11.26"]
[SourceQuality "1"]
[WhiteTeam "Coswig"]
[BlackTeam "Chemnitz"]
[WhiteTeamCountry "GER"]
[BlackTeamCountry "GER"]

1. g3 d5 2. Bg2 Nf6 3. c4 c6 4. b3 g6 5. Bb2 Bg7 6. Nf3 0-0 7. 0-0 Re8 8. d4 Nbd7 9. Nbd2 Nf8 10. Re1 Ne4 11. cxd5 cxd5 12. Nxe4 dxe4 13. Ne5 f6 14. Nc4 f5 15. e3 Be6 16. Bf1 Bd5 17. Nd2 Nd7 18. Nc4 h5 19. Rc1 e6 20. Ba3 1/2-1/2

[Event "Oberliga Ost-A 0708"]
[Site "Germany"]
[Date "2007.12.09"]
[Round "5.5"]
[White "Bilawer, Andreas"]
[Black "Lorenz, Gerd"]
[Result "0-1"]
[WhiteElo "2147"]
[BlackElo "2289"]
[PlyCount "78"]
[EventDate "2007.09.23"]
[EventType "team-tourn"]
[EventRounds "11"]
[EventCountry "GER"]
[SourceTitle "EXT 2009"]
[Source "ChessBase"]
[SourceDate "2008.11.26"]
[SourceVersion "1"]
[SourceVersionDate "2008.11.26"]
[SourceQuality "1"]
[WhiteTeam "Loeberitz"]
[BlackTeam "Chemnitz"]
[WhiteTeamCountry "GER"]
[BlackTeamCountry "GER"]

1. e4 d6 2. d4 Nf6 3. Nc3 e5 4. Nf3 Nbd7 5. Bc4 Be7 6. 0-0 0-0 7. Re1 c6 8. a4 Ne8 9. h3 Nc7 10. Qe2 Bf6 11. Be3 exd4 12. Nxd4 Ne5 13. Ba2 Ng6 14. Rad1 Be6 15. Nxe6 fxe6 16. Qd2 d5 17. Bc5 Rf7 18. Rf1 Be7 19. Be3 Qf8 20. Ne2 Bb4 21. c3 Ba5 22. Qc2 Bb6 23. Bxb6 axb6 24. Bb1 Qc5 25. e5 Qc4 26. Rd4 Qa6 27. Rg4 c5 28. b3 b5 29. axb5 Qxb5 30. c4 Qc6 31. g3 b5 32. Nf4 Nf8 33. Nh5 bxc4 34. Nf6+ Kh8 35. Nxh7 Rf5 36. Rh4 Nxh7 37. g4 cxb3 38. Qxb3 g5 39. Rh6 Rf7 0-1

[Event "Oberliga Ost-A 0708"]
[Site "Germany"]
[Date "2007.11.04"]
[Round "3.5"]
[White "Seibicke, Ralf"]
[Black "Lorenz, Gerd"]
[Result "1-0"]
[WhiteElo "2143"]
[BlackElo "2289"]
[PlyCount "79"]
[EventDate "2007.09.23"]
[EventType "team-tourn"]
[EventRounds "11"]
[EventCountry "GER"]
[SourceTitle "EXT 2009"]
[Source "ChessBase"]
[SourceDate "2008.11.26"]
[SourceVersion "1"]
[SourceVersionDate "2008.11.26"]
[SourceQuality "1"]
[WhiteTeam "Magdeburg Rochade"]
[BlackTeam "Chemnitz"]
[WhiteTeamCountry "GER"]
[BlackTeamCountry "GER"]

1. d4 d6 2. Nf3 Bg4 3. g3 Bxf3 4. exf3 g6 5. f4 Bg7 6. Bg2 c6 7. 0-0 Nh6 8. c3 Nf5 9. Nd2 d5 10. Nf3 Nd7 11. Re1 e6 12. b3 0-0 13. Ba3 Re8 14. Qd2 Qa5 15. Bb4 Qc7 16. g4 Nd6 17. Ne5 c5 18. Ba3 Nb5 19. Bb2 Rac8 20. Rac1 Nxe5 21. fxe5 Qb6 22. a4 Nc7 23. b4 cxb4 24. cxb4 Bf8 25. b5 a6 26. Bc3 Na8 27. Bf1 Qa7 28. a5 axb5 29. Bxb5 Red8 30. Bb4 Nc7 31. Bxf8 Nxb5 32. Bc5 Qa8 33. Be7 Rxc1 34. Rxc1 Rc8 35. Rb1 Na7 36. Bf6 Rc7 37. Qb2 Nc6 38. Qb6 Qxa5 39. Qxa5 Nxa5 40. Bd8 1-0

[Event "Oberliga Ost-A 0607"]
[Site "Germany"]
[Date "2006.10.15"]
[Round "1.6"]
[White "Lorenz, Gerd"]
[Black "Resnjanskij, Sven"]
[Result "1-0"]
[WhiteElo "2292"]
[BlackElo "2179"]
[PlyCount "53"]
[EventDate "2006.10.15"]
[EventType "team-tourn"]
[EventRounds "11"]
[EventCountry "GER"]
[SourceTitle "EXT 2008"]
[Source "ChessBase"]
[SourceDate "2007.11.25"]
[SourceVersion "1"]
[SourceVersionDate "2007.11.25"]
[SourceQuality "1"]
[WhiteTeam "Chemnitz"]
[BlackTeam "Leipzig Gohlis II"]
[WhiteTeamCountry "GER"]
[BlackTeamCountry "GER"]

1. d4 Nf6 2. Bg5 e6 3. Nd2 c5 4. e3 b6 5. c3 h6 6. Bh4 Bb7 7. Ngf3 Nc6 8. Ne4 Be7 9. Bxf6 gxf6 10. dxc5 bxc5 11. Nd6+ Bxd6 12. Qxd6 Qe7 13. Qf4 d6 14. Bb5 Kf8 15. e4 Ne5 16. Rd1 Ng6 17. Qe3 f5 18. exf5 exf5 19. 0-0 Qxe3 20. fxe3 f4 21. exf4 Rg8 22. Ne1 a6 23. Bc4 Re8 24. Rxd6 Nxf4 25. Rxf4 Rxe1+ 26. Kf2 Re7 27. Rd8+ 1-0

[Event "BL2-Ost 0506"]
[Site "Germany"]
[Date "2005.10.23"]
[Round "1.7"]
[White "Cedikova, Katerina"]
[Black "Lorenz, Gerd"]
[Result "1-0"]
[WhiteElo "2245"]
[BlackElo "2297"]
[PlyCount "83"]
[EventDate "2005.10.23"]
[EventType "team-tourn"]
[EventRounds "9"]
[EventCountry "GER"]
[SourceTitle "EXT 2007"]
[Source "ChessBase"]
[SourceDate "2006.11.23"]
[SourceVersion "1"]
[SourceVersionDate "2006.11.23"]
[SourceQuality "1"]
[WhiteTeam "Koetzting"]
[BlackTeam "Chemnitz"]
[WhiteTeamCountry "GER"]
[BlackTeamCountry "GER"]

1. d4 Nf6 2. c4 e6 3. Nf3 b6 4. g3 Ba6 5. Qa4 Bb7 6. Bg2 Be7 7. 0-0 0-0 8. Nc3 d6 9. Qc2 Nbd7 10. e4 e5 11. Rd1 Qb8 12. Nd5 Bd8 13. dxe5 Nxe5 14. Nd4 c6 15. Ne3 Qc7 16. Ndf5 Ne8 17. b3 Bf6 18. Ba3 c5 19. Rac1 g6 20. Nh6+ Kh8 21. Bb2 Bg7 22. Nhg4 Nxg4 23. Nxg4 Qe7 24. Re1 f6 25. Rcd1 Rd8 26. Ne3 Ba8 27. h4 Nc7 28. Nd5 Qf7 29. f4 Rfe8 30. Kh2 Ne6 31. Qd2 f5 32. e5 dxe5 33. Bxe5 Bxe5 34. Rxe5 Nd4 35. Rde1 Rxe5 36. Rxe5 Bxd5 37. cxd5 Rd6 38. Qe3 Rd7 39. Re8+ Kg7 40. Qe5+ Kh6 41. h5 g5 42. g4 1-0

[Event "BL2-Ost 0405"]
[Site "Germany"]
[Date "2005.04.10"]
[Round "9.6"]
[White "Lorenz, Gerd"]
[Black "Seuffert, Gabriel"]
[Result "0-1"]
[WhiteElo "2321"]
[BlackElo "2313"]
[PlyCount "95"]
[EventDate "2004.10.24"]
[EventType "team-tourn"]
[EventRounds "9"]
[EventCountry "GER"]
[SourceTitle "EXT 2007"]
[Source "ChessBase"]
[SourceDate "2006.11.23"]
[SourceVersion "1"]
[SourceVersionDate "2006.11.23"]
[SourceQuality "1"]
[WhiteTeam "Chemnitz"]
[BlackTeam "Wuerzburg"]
[WhiteTeamCountry "GER"]
[BlackTeamCountry "GER"]

1. d4 Nf6 2. Bg5 c5 3. d5 Ne4 4. Bc1 g6 5. f3 Nd6 6. e4 Bg7 7. c3 f5 8. exf5 Nxf5 9. Bd3 0-0 10. Ne2 Qb6 11. Na3 Nh4 12. Kf2 Nf5 13. Nc4 Qf6 14. a4 d6 15. Ng3 Qh4 16. Re1 Nd7 17. Bxf5 gxf5 18. f4 Nf6 19. Kg1 Ng4 20. Nf1 Qf2+ 21. Kh1 Qh4 22. Qe2 Bf6 23. Ncd2 Bd7 24. Nf3 Qh6 25. Ng5 Qh4 26. Ne6 Rf7 27. Bd2 Nf2+ 28. Kg1 Ne4 29. Be3 Bxe6 30. dxe6 Rg7 31. Nd2 Nxd2 32. Qxd2 Kh8 33. Qd5 Rag8 34. Re2 Qg4 35. Rae1 b6 36. Kh1 Bh4 37. Bf2 Bxf2 38. Rxf2 Qh4 39. Ref1 Qf6 40. Re2 Rg4 41. g3 h5 42. Qb7 h4 43. Qxa7 R4g7 44. Qxb6 Rh7 45. gxh4 Qg6 46. Qc6 Rhg7 47. Ree1 Qg4 48. Qf3 0-1

[Event "BL2-Ost 0405"]
[Site "Germany"]
[Date "2005.03.13"]
[Round "8.6"]
[White "Espig, Thomas"]
[Black "Lorenz, Gerd"]
[Result "0-1"]
[WhiteElo "2294"]
[BlackElo "2321"]
[PlyCount "84"]
[EventDate "2004.10.24"]
[EventType "team-tourn"]
[EventRounds "9"]
[EventCountry "GER"]
[SourceTitle "EXT 2007"]
[Source "ChessBase"]
[SourceDate "2006.11.23"]
[SourceVersion "1"]
[SourceVersionDate "2006.11.23"]
[SourceQuality "1"]
[WhiteTeam "Koenig Plauen"]
[BlackTeam "Chemnitz"]
[WhiteTeamCountry "GER"]
[BlackTeamCountry "GER"]

1. d4 Nf6 2. g3 d5 3. Bg2 c6 4. Nf3 Bf5 5. Nbd2 h6 6. 0-0 e6 7. b3 Be7 8. Bb2 0-0 9. Ne5 Nbd7 10. h3 Qc7 11. Nxd7 Qxd7 12. e3 Qc7 13. Rc1 Rfe8 14. Qe2 a5 15. a3 Bd6 16. g4 Bg6 17. f4 Qe7 18. a4 Bb4 19. c3 Ba3 20. Bxa3 Qxa3 21. g5 hxg5 22. fxg5 Nh5 23. Qf2 e5 24. c4 exd4 25. exd4 dxc4 26. Rc3 cxb3 27. Rxb3 Qe7 28. d5 cxd5 29. Bxd5 Qxg5+ 30. Bg2 Rad8 31. Nf3 Qf4 32. Nh4 Qxf2+ 33. Rxf2 Be4 34. Rb5 g6 35. Rxa5 Bxg2 36. Nxg2 Rd3 37. Kh2 Rc8 38. Re5 Rcc3 39. Re8+ Kg7 40. Re7 Rxh3+ 41. Kg1 Rc1+ 42. Ne1 Nf6 0-1

[Event "BL2-Ost 0405"]
[Site "Germany"]
[Date "2005.01.30"]
[Round "6.5"]
[White "Lorenz, Gerd"]
[Black "Zwanzger, Johannes"]
[Result "0-1"]
[WhiteElo "2321"]
[BlackElo "2351"]
[PlyCount "68"]
[EventDate "2004.10.24"]
[EventType "team-tourn"]
[EventRounds "9"]
[EventCountry "GER"]
[SourceTitle "EXT 2007"]
[Source "ChessBase"]
[SourceDate "2006.11.23"]
[SourceVersion "1"]
[SourceVersionDate "2006.11.23"]
[SourceQuality "1"]
[WhiteTeam "Chemnitz"]
[BlackTeam "Forchheim"]
[WhiteTeamCountry "GER"]
[BlackTeamCountry "GER"]

1. d4 d5 2. Nf3 Nf6 3. e3 Bf5 4. c4 e6 5. Nc3 c6 6. Nh4 Bg4 7. Qb3 Qc7 8. Bd2 Be7 9. Rc1 Ne4 10. Nxe4 dxe4 11. h3 Bh5 12. g4 Bxh4 13. gxh5 Nd7 14. Bg2 f5 15. 0-0 0-0 16. Bb4 Rf7 17. Qa3 Nf6 18. Bd6 Qd7 19. f3 exf3 20. Bxf3 Ne4 21. Bxe4 fxe4 22. Rf4 Rxf4 23. Bxf4 e5 24. dxe5 Qxh3 25. Qb3 Qg4+ 26. Kh2 Qe2+ 27. Kh3 Qxh5 28. c5+ Kh8 29. Qd1 Qxd1 30. Rxd1 Rd8 31. Rd6 Be7 32. e6 Kg8 33. Rxd8+ Bxd8 34. Bd6 Bg5 0-1

[Event "BL2-Ost 0304"]
[Site "Germany"]
[Date "2004.??.??"]
[Round "?.5"]
[White "Mueller, Matthias"]
[Black "Lorenz, Gerd"]
[Result "1/2-1/2"]
[WhiteElo "2395"]
[BlackElo "2325"]
[PlyCount "101"]
[EventDate "2003.10.??"]
[EventType "team-tourn"]
[EventRounds "8"]
[EventCountry "GER"]
[SourceTitle "CBM 100 Extra"]
[Source "ChessBase"]
[SourceDate "2004.07.06"]
[SourceVersion "2"]
[SourceVersionDate "2004.07.06"]
[SourceQuality "1"]
[WhiteTeam "Erfurt"]
[BlackTeam "Chemnitz"]
[WhiteTeamCountry "GER"]
[BlackTeamCountry "GER"]

1. e4 d6 2. d4 Nf6 3. Nc3 e5 4. Nf3 Nbd7 5. Bc4 Be7 6. 0-0 0-0 7. Re1 c6 8. a4 b6 9. b3 a6 10. d5 cxd5 11. Nxd5 Bb7 12. Ba3 Nxd5 13. Bxd5 Bxd5 14. Qxd5 Qc7 15. c4 Nf6 16. Qd3 Rfd8 17. Nd2 Rdc8 18. Nf1 Qb7 19. f3 b5 20. Ne3 bxa4 21. b4 g6 22. Qd1 Qc6 23. Kh1 Rab8 24. Ra2 h5 25. Rd2 Bf8 26. b5 axb5 27. Bxd6 Rb6 28. Bxe5 Qa8 29. Bxf6 Rxf6 30. Nd5 Re6 31. cxb5 Qa5 32. Ra2 a3 33. Qb1 Rc5 34. Rc1 Qxb5 35. h4 Rxd5 36. exd5 Qxd5 37. Qc2 Qd4 38. Qf2 Qf4 39. Rd1 Bd6 40. g3 Qxg3 41. Qxg3 Bxg3 42. Rxa3 Bxh4 43. Rd7 Bg3 44. Raa7 Rf6 45. Kg2 Bf4 46. Rab7 Kg7 47. Rb4 Rf5 48. Kh3 g5 49. Rdb7 Bd6 50. Rb3 Rf4 51. Kg2 1/2-1/2

[Event "Oberliga Ost-A 0203"]
[Site "Germany"]
[Date "2003.03.29"]
[Round "10.6"]
[White "Lorenz, Gerd"]
[Black "Schwier, Manfred"]
[Result "0-1"]
[WhiteElo "2334"]
[BlackElo "2070"]
[PlyCount "94"]
[EventDate "2002.10.20"]
[EventType "team"]
[EventRounds "11"]
[EventCountry "GER"]
[SourceTitle "EXT 2004"]
[Source "ChessBase"]
[SourceDate "2003.11.25"]
[SourceVersion "1"]
[SourceVersionDate "2003.11.25"]
[SourceQuality "1"]
[WhiteTeam "Chemnitz"]
[BlackTeam "Dresden BSW"]
[WhiteTeamCountry "GER"]
[BlackTeamCountry "GER"]

1. d4 d5 2. Nf3 f5 3. Bf4 Nf6 4. e3 c6 5. Be2 e6 6. 0-0 Be7 7. c4 0-0 8. Nc3 Nbd7 9. Rb1 Ne4 10. Nxe4 dxe4 11. Ne5 g5 12. Nxd7 Qxd7 13. Be5 Bd6 14. Qc2 Rd8 15. Rbd1 Qc7 16. Qc3 Qf7 17. f3 exf3 18. Bxf3 Bxe5 19. dxe5 Bd7 20. Qa5 b6 21. Qd2 g4 22. Be2 Qe7 23. Qd6 Qg5 24. Rf4 h5 25. g3 Rac8 26. c5 b5 27. h4 gxh3 28. Kf2 h2 29. Rh1 Be8 30. Qxe6+ Bf7 31. Rxf5 Qg7 32. Qf6 Bg6 33. Rf4 Re8 34. Rxh2 Rxe5 35. b4 Qxf6 36. Rxf6 Kg7 37. Rf4 Rce8 38. e4 Rxe4 39. Bf3 R4e6 40. Bxh5 Rd8 41. Bg4 Rd2+ 42. Kf3 Rd3+ 43. Kg2 Ree3 44. Kf2 Re7 45. Rh4 Rd2+ 46. Kf3 Bc2 47. Rf5 Kg6 0-1

[Event "Oberliga Ost-A 0203"]
[Site "Germany"]
[Date "2002.11.17"]
[Round "3.6"]
[White "Poenisch, Egmont"]
[Black "Lorenz, Gerd"]
[Result "0-1"]
[WhiteElo "2126"]
[BlackElo "2334"]
[PlyCount "86"]
[EventDate "2002.10.20"]
[EventType "team"]
[EventRounds "11"]
[EventCountry "GER"]
[SourceTitle "EXT 2004"]
[Source "ChessBase"]
[SourceDate "2003.11.25"]
[SourceVersion "1"]
[SourceVersionDate "2003.11.25"]
[SourceQuality "1"]
[WhiteTeam "Coswig"]
[BlackTeam "Chemnitz"]
[WhiteTeamCountry "GER"]
[BlackTeamCountry "GER"]

1. c4 e5 2. Nc3 Nc6 3. g3 Nf6 4. Bg2 Bb4 5. a3 Bxc3 6. bxc3 0-0 7. d3 h6 8. a4 e4 9. c5 Re8 10. d4 d6 11. cxd6 cxd6 12. e3 Bg4 13. Qc2 Rc8 14. Rb1 Na5 15. Bd2 b6 16. Rc1 Qd7 17. Bf1 Nc4 18. h3 Be6 19. g4 Nh7 20. Qxe4 Qxa4 21. Qc2 Qc6 22. f3 d5 23. Kf2 Bd7 24. Bd3 Nf6 25. Ne2 Re7 26. Bxc4 Qxc4 27. Ng3 b5 28. Qb1 Qc6 29. Rce1 a5 30. h4 Ne8 31. g5 Nd6 32. gxh6 Nc4 33. Bc1 Qxh6 34. h5 Rce8 35. Qd3 Qh7 36. e4 Nd6 37. Rh4 Bc6 38. h6 dxe4 39. fxe4 Bxe4 40. Qd2 Qg6 41. Rg1 Re6 42. Nh5 Bg2 43. Rxg2 Re2+ 0-1

[Event "BL2-Ost 0102"]
[Site "Germany"]
[Date "2002.01.20"]
[Round "4.6"]
[White "Lorenz, Gerd"]
[Black "Dalinger, Valeri"]
[Result "0-1"]
[WhiteElo "2347"]
[BlackElo "2266"]
[PlyCount "94"]
[EventDate "2001.10.07"]
[EventType "team-tourn"]
[EventRounds "9"]
[EventCountry "GER"]
[SourceTitle "CBM 088 Extra"]
[Source "ChessBase"]
[SourceDate "2002.07.01"]
[SourceVersion "2"]
[SourceVersionDate "2002.07.01"]
[SourceQuality "1"]
[WhiteTeam "Chemnitz"]
[BlackTeam "Bindlach"]
[WhiteTeamCountry "GER"]
[BlackTeamCountry "GER"]

1. d4 Nf6 2. Bg5 g6 3. Bxf6 exf6 4. e3 f5 5. c4 Bg7 6. Nc3 d6 7. h4 h5 8. Nge2 Nd7 9. Nf4 Nf6 10. Be2 Ne4 11. Nxe4 fxe4 12. Qc2 Bf5 13. g3 Qd7 14. Rc1 0-0 15. c5 dxc5 16. Qxc5 c6 17. 0-0 Rfd8 18. Rfd1 Bf8 19. Qa5 Bd6 20. Ng2 Qe6 21. b4 a6 22. a3 Rd7 23. Qa4 Qe7 24. Rc3 Be6 25. Rb1 b5 26. Qc2 Bd5 27. Nf4 Bxf4 28. exf4 a5 29. f5 axb4 30. axb4 Ra2 31. Qd1 Qf6 32. Ra1 Rxa1 33. Qxa1 Qxf5 34. Ra3 Kg7 35. Qc1 Qf6 36. Qc5 Qe7 37. Qc3 Rd6 38. Qd2 Re6 39. Bf1 Qd6 40. Kh2 Re7 41. Be2 Rd7 42. Ra6 Qf6 43. Qe3 Rd6 44. Kg1 Re6 45. Ra7 Re8 46. Kh2 Qd6 47. Qc3 e3 0-1

[Event "Oberliga Ost-A 0001"]
[Site "Germany"]
[Date "2001.04.28"]
[Round "10.5"]
[White "Lorenz, Gerd"]
[Black "Zipfel, Frank"]
[Result "1-0"]
[WhiteElo "2341"]
[BlackElo "2231"]
[PlyCount "73"]
[EventDate "2000.10.15"]
[EventType "team"]
[EventRounds "11"]
[EventCountry "GER"]
[SourceTitle "EXT 2002"]
[Source "ChessBase"]
[SourceDate "2001.11.25"]
[SourceVersion "1"]
[SourceVersionDate "2001.11.25"]
[SourceQuality "1"]
[WhiteTeam "Chemnitz USG"]
[BlackTeam "Jena Jenapharm"]
[WhiteTeamCountry "GER"]
[BlackTeamCountry "GER"]

1. e4 d5 2. Nc3 dxe4 3. Nxe4 Qd5 4. d3 Nc6 5. Ne2 Bg4 6. N2c3 Qxe4+ 7. dxe4 Bxd1 8. Nxd1 Nf6 9. f3 0-0-0 10. c3 e6 11. Be3 a6 12. Be2 Nd7 13. b4 Be7 14. 0-0 Nb6 15. Nb2 Bf6 16. Rfc1 Rd7 17. Rab1 h6 18. b5 Nb8 19. bxa6 bxa6 20. Bxb6 cxb6 21. Nc4 Kc7 22. Rxb6 Rd2 23. Nxd2 Kxb6 24. e5 Be7 25. Rb1+ Kc7 26. f4 Bc5+ 27. Kf1 Be3 28. Nc4 Bxf4 29. g3 Bg5 30. Na5 Rf8 31. Bf3 Be3 32. Rb7+ Kc8 33. Nc4 Bc5 34. Nd6+ Bxd6 35. exd6 g5 36. c4 f5 37. c5 1-0

[Event "Oberliga Ost-A 0001"]
[Site "Germany"]
[Date "2001.03.11"]
[Round "8.5"]
[White "Lorenz, Gerd"]
[Black "Goldenberg, Michael"]
[Result "0-1"]
[WhiteElo "2341"]
[BlackElo "2171"]
[PlyCount "81"]
[EventDate "2000.10.15"]
[EventType "team"]
[EventRounds "11"]
[EventCountry "GER"]
[SourceTitle "EXT 2002"]
[Source "ChessBase"]
[SourceDate "2001.11.25"]
[SourceVersion "1"]
[SourceVersionDate "2001.11.25"]
[SourceQuality "1"]
[WhiteTeam "Chemnitz USG"]
[BlackTeam "Magdeburg USC II"]
[WhiteTeamCountry "GER"]
[BlackTeamCountry "GER"]

1. d4 Nf6 2. Bg5 d6 3. Bxf6 exf6 4. e3 g6 5. Bd3 Bg7 6. Nd2 0-0 7. c3 f5 8. h3 b6 9. Qf3 c6 10. Ne2 Bb7 11. g4 fxg4 12. hxg4 Nd7 13. g5 Re8 14. Rxh7 Qxg5 15. Rh2 Nf6 16. 0-0-0 Qd5 17. Qg3 Qxa2 18. Bc4 Qa1+ 19. Kc2 Qa5 20. Rg1 Bc8 21. Bxf7+ Kf8 22. Bxg6 Re7 23. Bd3 Be6 24. Qxd6 Qd5 25. Qxd5 Nxd5 26. Ne4 c5 27. dxc5 Rc8 28. Nd4 bxc5 29. Nxe6+ Rxe6 30. Ng5 Re5 31. Bc4 Rce8 32. e4 Nf6 33. f4 Rxe4 34. Nxe4 Rxe4 35. Kd3 Rxf4 36. Ra1 Ng4 37. Bd5 Nxh2 38. Rxa7 Ng4 39. Rc7 c4+ 40. Ke2 Rf2+ 41. Ke1 0-1

[Event "Oberliga Ost-A 0001"]
[Site "Germany"]
[Date "2001.02.18"]
[Round "7.4"]
[White "Lorenz, Gerd"]
[Black "Liebert, Heinz"]
[Result "1-0"]
[WhiteElo "2341"]
[BlackElo "2316"]
[PlyCount "73"]
[EventDate "2000.10.15"]
[EventType "team"]
[EventRounds "11"]
[EventCountry "GER"]
[SourceTitle "EXT 2002"]
[Source "ChessBase"]
[SourceDate "2001.11.25"]
[SourceVersion "1"]
[SourceVersionDate "2001.11.25"]
[SourceQuality "1"]
[WhiteTeam "Chemnitz USG"]
[BlackTeam "Halle USV"]
[WhiteTeamCountry "GER"]
[BlackTeamCountry "GER"]

1. d4 g6 2. Nf3 Bg7 3. c3 Nf6 4. Bf4 0-0 5. e3 d6 6. h3 Nbd7 7. Be2 b6 8. Nbd2 Bb7 9. Bh2 Ne4 10. 0-0 e5 11. Nxe4 Bxe4 12. Nd2 Bb7 13. Bf3 d5 14. Qb3 c6 15. Rfe1 Re8 16. Rad1 Qe7 17. Bg4 c5 18. Bxd7 Qxd7 19. Bxe5 Bxe5 20. dxe5 Rxe5 21. Nf3 Rh5 22. e4 Re8 23. Qa3 Bc6 24. b4 cxb4 25. Qxb4 Qb7 26. Nh2 Bd7 27. exd5 Rxe1+ 28. Rxe1 Rxd5 29. Ng4 Bxg4 30. Re8+ Kg7 31. Qf8+ Kf6 32. Qh8+ Kg5 33. hxg4 Kxg4 34. Qxh7 Rh5 35. Qg7 Qd5 36. Re4+ Kf5 37. Rd4 1-0

[Event "BL2-Ost 9900"]
[Site "Germany"]
[Date "2000.03.26"]
[Round "8.3"]
[White "Lorenz, Gerd"]
[Black "Wornath, Kai Rudolf"]
[Result "0-1"]
[WhiteElo "2350"]
[BlackElo "2305"]
[PlyCount "66"]
[EventDate "1999.10.10"]
[EventType "team-tourn"]
[EventRounds "9"]
[EventCountry "GER"]
[SourceTitle "CBM 075 Extra"]
[Source "ChessBase"]
[SourceDate "2000.05.11"]
[SourceVersion "2"]
[SourceVersionDate "2000.05.11"]
[SourceQuality "1"]
[WhiteTeam "Chemnitz USG"]
[BlackTeam "Schott Mainz"]
[WhiteTeamCountry "GER"]
[BlackTeamCountry "GER"]

1. d4 g6 2. Nf3 Bg7 3. c3 Nf6 4. h3 0-0 5. Bf4 b6 6. e3 Bb7 7. Be2 d6 8. Nbd2 Nbd7 9. 0-0 Ne4 10. Nxe4 Bxe4 11. Qa4 a6 12. Rfc1 c5 13. Qd1 b5 14. b4 cxb4 15. cxb4 Nb6 16. Nd2 Bb7 17. Bg3 Qd7 18. Nb3 Rac8 19. Na5 Ba8 20. Bf3 Bxf3 21. Qxf3 Nc4 22. Nxc4 Rxc4 23. Rxc4 bxc4 24. Qe2 Rc8 25. a4 e5 26. dxe5 dxe5 27. e4 c3 28. Qc2 Qd2 29. Ra2 Qd4 30. b5 axb5 31. axb5 Qb4 32. f3 Qxb5 33. Bf2 Bh6 0-1